| 000 | 01358cam a2200385 i 4500 | ||
|---|---|---|---|
| 001 | 21137949 | ||
| 003 | OSt | ||
| 005 | 20230707112944.0 | ||
| 008 | 190816t20202020dcuab b 001 0 eng | ||
| 010 | _a 2019948381 | ||
| 020 |
_a9781433832154 _q(hardcover) |
||
| 020 |
_a9781433832161 _q(paperback) |
||
| 020 |
_a9781433832178 _q(spiral bound) |
||
| 020 |
_z9781433832185 _q(ebook) |
||
| 040 |
_aDLC _beng _erda _cNIRUC _dDLC |
||
| 042 | _apcc | ||
| 050 | 0 | 0 |
_aBF76.7 _b.P83 2020 |
| 082 | 0 | 0 |
_a808/.06615 _221 |
| 110 | 2 |
_aAmerican Psychological Association (Washington, District of Columbia), _eauthor. |
|
| 245 | 1 | 0 |
_aPublication manual of the American psychological association / _cAmerican Psychological Association. |
| 250 | _a7th edition. | ||
| 264 | 1 |
_aWashington, DC : _bAmerican Psychological Association, _c2020. |
|
| 264 | 4 | _c©2020 | |
| 300 |
_axxii, 427 p. : _bill(some color), color map ; _c27cm. |
||
| 336 |
_atext _btxt _2rdacontent |
||
| 337 |
_aunmediated _bn _2rdamedia |
||
| 338 |
_avolume _bnc _2rdacarrier |
||
| 504 | _aIncludes bibliographical references (pages 397-405 )and index. | ||
| 520 | _cProvided by publisher. | ||
| 650 |
_2Psychological literature _aPublishing |
||
| 650 |
_2Psychology _aAuthorship |
||
| 650 |
_2Social science literature _aPublishing |
||
| 650 |
_2Social sciences _aAuthorship |
||
| 942 |
_2lcc _cBK _n0 |
||
| 999 |
_c288 _d288 |
||